书目信息 |
| 题名: |
微生物学实验
|
|
| 作者: | 杨文博 主编 | |
| 分册: | ||
| 出版信息: | 北京 化学工业出版社 2004 |
|
| 页数: | 238页 | |
| 开本: | 26cm | |
| 丛书名: | ||
| 单 册: | ||
| 中图分类: | Q93-33 | |
| 科图分类: | ||
| 主题词: | 微生物学--实验--高等学校--教材 | |
| 电子资源: | ||
| ISBN: | 7-5025-5976-0 | |
| 000 | 00807nam0 2200229 450 | |
| 001 | 002726053 | |
| 005 | 20050912160737.37 | |
| 010 | @a7-5025-5976-0@dCNY24.00 | |
| 100 | @a20040922d2004 em y0chiy0110 ea | |
| 101 | 0 | @achi |
| 102 | @aCN@b110000 | |
| 105 | @ay z 000yy | |
| 200 | 1 | @a微生物学实验@Awei sheng wu xue shi yan@f杨文博主编@Fyang wen bo zhu bian |
| 210 | @a北京@c化学工业出版社@d2004 | |
| 215 | @a238页@d26cm | |
| 300 | @a高等学校教材 教育部世行贷款新世纪高等教育教学改革工程立项项目 | |
| 330 | @a本书提供了77个涉及普通微生物学、专业微生物学、分子生物学的实验内容,针对实验给出了实验目的、实验材料与用具、实验内容等。 | |
| 606 | 0 | @a微生物学@x实验@x高等学校@x教材 |
| 690 | @aQ93-33@v4 | |
| 701 | 0 | @a杨文博@Ayang wen bo@4主编 |
| 801 | 0 | @aCN@bTSSF@c20050912 |
| 905 | @a10447@dQ93-33@e35 | |
| 微生物学实验/杨文博主编.-北京:化学工业出版社,2004 |
| 238页;26cm |
| 高等学校教材 教育部世行贷款新世纪高等教育教学改革工程立项项目 |
| ISBN 7-5025-5976-0:CNY24.00 |
| 本书提供了77个涉及普通微生物学、专业微生物学、分子生物学的实验内容,针对实验给出了实验目的、实验材料与用具、实验内容等。 |
| ● |
| 相关链接 |
|
|
|
|
正题名:微生物学实验
索取号:Q93-33/35
 
预约/预借
| 序号 | 登录号 | 条形码 | 馆藏地/架位号 | 状态 | 备注 |
| 1 | 0360946 | 3609465 | 第二样本阅览室/ [索取号:Q93-33/35] | 在馆 | |
| 2 | 0360947 | 3609474 | 第三借阅区/ [索取号:Q93-33/35] | 在馆 | |
| 3 | 0360948 | 3609483 | 第三借阅区/ [索取号:Q93-33/35] | 在馆 |